000 00697nam a2200181 4500
001 144229
003 ES-MaACL
005 20230906200954.0
007 t|
008 070214s1967 sp r ||||1| spa d
110 2 _aSindicato Nacional de Enseñanza (España).
_bJunta General (
_cMadrid (
_d1967).
_n1ª)
_96606
245 1 0 _aConsulta-informe sobre [el] posible contenido de la Ley Sindical.
260 _aMadrid :
_bSNE,
_c1967.
300 _a12 p. ;
_c21 cm.
500 _aPrecede al tít.: I Junta General del Sindicato Nacional de Enseñanza : días 28 y 29 de abril en Madrid.
740 0 _aI Junta General del Sindicato Nacional de Enseñanza.
852 _aES-MaACL
_j2061-F-14
_bR.63333
999 _c144229
_d144229